<?xml version="1.0" encoding="UTF-8"?>
<record
    xmlns:xsi="http://www.w3.org/2001/XMLSchema-instance"
    xsi:schemaLocation="http://www.loc.gov/MARC21/slim http://www.loc.gov/standards/marcxml/schema/MARC21slim.xsd"
    xmlns="http://www.loc.gov/MARC21/slim">

  <leader>01572nam a2200409Ia 4500</leader>
  <controlfield tag="001">dia_5905</controlfield>
  <controlfield tag="003">CHAP</controlfield>
  <controlfield tag="005">20230327131253.0</controlfield>
  <controlfield tag="008">220117s2008    xx            000 0 und d</controlfield>
  <datafield tag="010" ind1=" " ind2=" ">
    <subfield code="a">177036</subfield>
  </datafield>
  <datafield tag="020" ind1=" " ind2=" ">
    <subfield code="a">978-0-8138-0408-8</subfield>
  </datafield>
  <datafield tag="040" ind1=" " ind2=" ">
    <subfield code="c">CHAP</subfield>
  </datafield>
  <datafield tag="082" ind1=" " ind2=" ">
    <subfield code="a">631.56 P67 2008</subfield>
  </datafield>
  <datafield tag="245" ind1=" " ind2=" ">
    <subfield code="a">Postharvest biology and technology of fruits, vegetables, and flowers  /</subfield>
    <subfield code="c"> edici&#xF3;n Gopinadhan Paliyath...[et al.].</subfield>
  </datafield>
  <datafield tag="260" ind1=" " ind2=" ">
    <subfield code="a">Estados Unidos de Am&#xE9;rica  :</subfield>
    <subfield code="b"> Wiley-Blackwell,</subfield>
    <subfield code="c">2008</subfield>
  </datafield>
  <datafield tag="300" ind1=" " ind2=" ">
    <subfield code="a">xii, 482 p.</subfield>
  </datafield>
  <datafield tag="503" ind1=" " ind2=" ">
    <subfield code="a">I. 267896 (ej.1) \ I. 267895 (ej.2)</subfield>
  </datafield>
  <datafield tag="504" ind1=" " ind2=" ">
    <subfield code="a">Incluye bibliograf&#xED;as</subfield>
  </datafield>
  <datafield tag="590" ind1=" " ind2=" ">
    <subfield code="a">SB360 P67 2008</subfield>
  </datafield>
  <datafield tag="650" ind1=" " ind2=" ">
    <subfield code="a">Flores</subfield>
    <subfield code="x">Fisiolog&#xED;a postcosecha  </subfield>
    <subfield code="9">159988</subfield>
  </datafield>
  <datafield tag="650" ind1=" " ind2=" ">
    <subfield code="a">Flores</subfield>
    <subfield code="x">Tecnolog&#xED;a postcosecha  </subfield>
    <subfield code="9">41409</subfield>
  </datafield>
  <datafield tag="650" ind1=" " ind2=" ">
    <subfield code="a">Flowers</subfield>
    <subfield code="x">Postharvest technology</subfield>
    <subfield code="9">159989</subfield>
  </datafield>
  <datafield tag="650" ind1=" " ind2=" ">
    <subfield code="a">Fruit</subfield>
    <subfield code="x">Postharvest physiology  </subfield>
    <subfield code="9">151970</subfield>
  </datafield>
  <datafield tag="650" ind1=" " ind2=" ">
    <subfield code="a">Fruit</subfield>
    <subfield code="x">Postharvest physiology  </subfield>
    <subfield code="9">151970</subfield>
  </datafield>
  <datafield tag="650" ind1=" " ind2=" ">
    <subfield code="a">Fruit</subfield>
    <subfield code="x">Postharvest technology  1</subfield>
    <subfield code="9">159990</subfield>
  </datafield>
  <datafield tag="650" ind1=" " ind2=" ">
    <subfield code="a">Fruta</subfield>
    <subfield code="x">Fisiolog&#xED;a postcosecha  </subfield>
    <subfield code="9">43617</subfield>
  </datafield>
  <datafield tag="650" ind1=" " ind2=" ">
    <subfield code="a">Fruta</subfield>
    <subfield code="x">Tecnolog&#xED;a postcosecha  </subfield>
    <subfield code="9">43659</subfield>
  </datafield>
  <datafield tag="650" ind1=" " ind2=" ">
    <subfield code="a">Vegetables</subfield>
    <subfield code="x">Postharvest physiology  1Flowers</subfield>
    <subfield code="x">Postharvest physiology  1</subfield>
    <subfield code="9">159991</subfield>
  </datafield>
  <datafield tag="650" ind1=" " ind2=" ">
    <subfield code="a">Vegetables</subfield>
    <subfield code="x">Postharvest technology  1</subfield>
    <subfield code="9">159992</subfield>
  </datafield>
  <datafield tag="650" ind1=" " ind2=" ">
    <subfield code="a">Verduras</subfield>
    <subfield code="x">Fisiolog&#xED;a postcosecha  </subfield>
    <subfield code="9">156041</subfield>
  </datafield>
  <datafield tag="650" ind1=" " ind2=" ">
    <subfield code="a">Verduras</subfield>
    <subfield code="x">Tecnolog&#xED;a postcosecha  </subfield>
    <subfield code="9">156042</subfield>
  </datafield>
  <datafield tag="700" ind1=" " ind2=" ">
    <subfield code="a">Paliyath, Gopinadhan, ed.</subfield>
    <subfield code="9">159993</subfield>
  </datafield>
  <datafield tag="901" ind1=" " ind2=" ">
    <subfield code="a">631.56 P67 2008</subfield>
  </datafield>
  <datafield tag="902" ind1=" " ind2=" ">
    <subfield code="a">M</subfield>
  </datafield>
  <datafield tag="905" ind1=" " ind2=" ">
    <subfield code="a">5232272008                          -usaimn8222223322eng16</subfield>
  </datafield>
  <datafield tag="942" ind1=" " ind2=" ">
    <subfield code="c">LIBRO</subfield>
    <subfield code="2">ddc</subfield>
  </datafield>
  <datafield tag="999" ind1=" " ind2=" ">
    <subfield code="c">177036</subfield>
    <subfield code="d">177036</subfield>
  </datafield>
  <datafield tag="952" ind1=" " ind2=" ">
    <subfield code="0">0</subfield>
    <subfield code="1">0</subfield>
    <subfield code="2">ddc</subfield>
    <subfield code="4">0</subfield>
    <subfield code="7">0</subfield>
    <subfield code="8">GRAL</subfield>
    <subfield code="a">IA_</subfield>
    <subfield code="b">IA_</subfield>
    <subfield code="d">2022-01-18</subfield>
    <subfield code="f">1</subfield>
    <subfield code="l">0</subfield>
    <subfield code="o">631.56 P67 2008</subfield>
    <subfield code="p">dia_009293</subfield>
    <subfield code="r">2022-01-18 00:00:00</subfield>
    <subfield code="t">1</subfield>
    <subfield code="w">2022-01-18</subfield>
    <subfield code="y">LIBRO</subfield>
  </datafield>
  <datafield tag="952" ind1=" " ind2=" ">
    <subfield code="0">0</subfield>
    <subfield code="1">0</subfield>
    <subfield code="2">ddc</subfield>
    <subfield code="4">0</subfield>
    <subfield code="7">0</subfield>
    <subfield code="8">GRAL</subfield>
    <subfield code="a">IA_</subfield>
    <subfield code="b">IA_</subfield>
    <subfield code="d">2022-01-18</subfield>
    <subfield code="f">1</subfield>
    <subfield code="l">2</subfield>
    <subfield code="o">631.56 P67 2008</subfield>
    <subfield code="p">dia_009294</subfield>
    <subfield code="r">2024-10-22 19:41:30</subfield>
    <subfield code="s">2024-10-22</subfield>
    <subfield code="t">2</subfield>
    <subfield code="w">2022-01-18</subfield>
    <subfield code="y">LIBRO</subfield>
  </datafield>
</record>
